Dovoz tovaru z tretích krajín a DPH v roku 2017

Pojem dovoz z miesta územia tretích štátov na územie EÚ podľa zákona o dani z priadenej hodnoty č. 222/2004.

Salvato in:
Dettagli Bibliografici
Autore principale: Válek, Juraj, 1981-
Natura: Capitolo di libro
Lingua:slovacco
Soggetti:
Tags: Aggiungi Tag
Nessun Tag, puoi essere il primo ad aggiungerne!!

MARC

LEADER 00000naa a2200000 4500
001 0234004
005 20240502073810.6
041 0 |a slo 
044 |a SK 
245 1 0 |a Dovoz tovaru z tretích krajín a DPH v roku 2017  |c Juraj Válek 
520 |a Pojem dovoz z miesta územia tretích štátov na územie EÚ podľa zákona o dani z priadenej hodnoty č. 222/2004. 
610 2 0 |a dane z hodnoty pridanej 
610 2 0 |a predpisy colné 
610 2 0 |a trh zahraničný 
610 2 0 |a dovoz 
100 1 |a Válek, Juraj, 1981-